Hệ sinh thái dữ liệu chính phủ mở cho doanh nghiệp Việt Nam (Sách chuyên khảo)
Cuốn sách "Hệ sinh thái dữ liệu chính phủ mở cho doanh nghiệp Việt Nam" giới thiệu mô hình hệ sinh thái dữ liệu quốc gia tích hợp, giúp doanh nghiệp tiếp cận dữ liệu công khai một cách minh bạch và an toàn. Điều này hỗ trợ doanh...
Shranjeno v:
| Glavni avtor: | |
|---|---|
| Drugi avtorji: | , |
| Format: | Knjiga |
| Jezik: | Vietnamese |
| Izdano: |
H.
Thông tin và Truyền thông
2025
|
| Teme: | |
| Oznake: |
Označite
Brez oznak, prvi označite!
|
| Thư viện lưu trữ: | Thư viện Trường Đại học Nam Cần Thơ |
|---|
| LEADER | 01790nam a22002177a 4500 | ||
|---|---|---|---|
| 001 | NCT_4_017972 | ||
| 008 | 250417b xxu||||| |||| 00| 0 vie d | ||
| 999 | |c 8862 |d 8862 | ||
| 020 | |a 9786048030834 | ||
| 082 | 0 | 4 | |2 23rd ed. |a 330.0285 |b Đ552 |
| 100 | 1 | |a Đặng Thị Việt Đức |e Chủ biên | |
| 245 | 1 | 0 | |a Hệ sinh thái dữ liệu chính phủ mở cho doanh nghiệp Việt Nam |b (Sách chuyên khảo) |c Đặng Thị Việt Đức (chủ biên), Nguyễn Thành Luân, Đặng Quan Trí |
| 260 | |a H. |b Thông tin và Truyền thông |c 2025 | ||
| 300 | |a 179 tr. |b bảng, biểu đồ |c 24 cm. | ||
| 520 | 3 | |a Cuốn sách "Hệ sinh thái dữ liệu chính phủ mở cho doanh nghiệp Việt Nam" giới thiệu mô hình hệ sinh thái dữ liệu quốc gia tích hợp, giúp doanh nghiệp tiếp cận dữ liệu công khai một cách minh bạch và an toàn. Điều này hỗ trợ doanh nghiệp trong việc ra quyết định chiến lược, tối ưu hóa hoạt động và thúc đẩy đổi mới sáng tạo. Thông qua việc kết nối với các nền tảng dữ liệu đáng tin cậy, doanh nghiệp có thể tận dụng dữ liệu để phát triển bền vững và nâng cao năng lực cạnh tranh trong kỷ nguyên số. | |
| 653 | |a Quản trị Kinh doanh | ||
| 700 | 1 | |a Nguyễn Thành Luân | |
| 700 | 1 | |a Đặng Quan Trí | |
| 942 | |2 ddc |c BK | ||
| 952 | |0 0 |1 0 |2 ddc |4 0 |6 330_028500000000000_Đ552 |7 0 |9 30515 |a 000001 |b 000001 |d 2025-04-17 |o 330.0285 Đ552 |p MD.23670 |r 2025-04-17 |w 2025-04-17 |y BK | ||
| 980 | |a Thư viện Trường Đại học Nam Cần Thơ | ||


